000
00278nam a22001337a 4500
008
170713b xxu||||| |||| 00| 0 eng d
020
_a
020049232828
041
_a
eng
080
_a
038
100
_a
23
101
_a
FJA
245
_a
THE SAURUS
_c
NELSON,TH
942
_2
udc
_c
BK
999
_c
20400
_d
20400